000 00435nam a2200181Ia 4500
001 23068
005 20260414150912.0
008 260414t2018||||xx |||||||||||||| ||spa||
041 _aESP
082 _a624.1834
_bA11
100 _aAbanto Castillo, Tomás Flavio
_eAUT
245 0 _aTecnología del concreto
_b
260 _c2018
300 _a248 páginas :
_c24 cm.
650 _a0
654 _aCIC
942 _cLIB
_dJUS
_fJUS
_2ddc
_n
999 _c23068
_d23068